000 00395nam a22001457a 4500
003 MACL
005 20151101160437.0
008 151101b xxu||||| |||| 00| 0 eng d
040 _cMACL
041 _aEnglish
100 _aS C Gupta
_917286
245 _aCorrect इंगलिश Writing टारगेट कोर्स
260 _aMeerut
_bArihant Publications
_c2015
942 _2ddc
_cBK
999 _c50517
_d50517